Loading...
| Current Events | 3 | 13.33 | 100% | 0% | 33% |
| Fine Arts - Classical Music | 6 | 13.33 | 100% | 33% | 0% |
| Fine Arts - Other Fine Arts | 5 | 10.00 | 100% | 0% | 0% |
| Fine Arts - Painting & Sculpture | 6 | 15.00 | 83% | 50% | 17% |
| Geography | 2 | 20.00 | 100% | 100% | 0% |
| History - American History | 7 | 14.29 | 100% | 71% | 0% |
| History - European History | 7 | 15.71 | 100% | 43% | 14% |
| History - Other History | 9 | 12.22 | 100% | 22% | 0% |
| History - World History | 10 | 15.00 | 100% | 30% | 20% |
| Literature - American Literature | 4 | 12.50 | 100% | 25% | 0% |
| Literature - British Literature | 8 | 11.25 | 88% | 25% | 0% |
| Literature - European Literature | 8 | 10.00 | 100% | 25% | 0% |
| Literature - World Literature | 7 | 12.86 | 100% | 29% | 0% |
| Mythology | 5 | 12.00 | 100% | 20% | 0% |
| Other Academic | 6 | 10.00 | 100% | 0% | 0% |
| Philosophy | 8 | 11.25 | 88% | 25% | 0% |
| Religion | 8 | 13.75 | 88% | 38% | 13% |
| Science - Biology | 5 | 10.00 | 80% | 0% | 20% |
| Science - Chemistry | 6 | 13.33 | 100% | 17% | 17% |
| Science - Other Science | 6 | 10.00 | 100% | 0% | 0% |
| Science - Physics | 5 | 12.00 | 100% | 0% | 20% |
| Social Science | 4 | 12.50 | 100% | 25% | 0% |